The Estate Agents (Redress Scheme) Order 2008 (Record no. 108433)

MARC details
000 -LEADER
fixed length control field 01225cam a22002535a 4500
001 - CONTROL NUMBER
control field L144276
008 - FIXED-LENGTH DATA ELEMENTS--GENERAL INFORMATION
fixed length control field 080708s2008 xxk f lf000 0 eng d
035 ## - SYSTEM CONTROL NUMBER
System control number (Sirsi) u144276
041 0# - LANGUAGE CODE
Language code of text/sound track or separate title eng
050 04 - LIBRARY OF CONGRESS CALL NUMBER
Classification number 333.33 $2 18
110 2# - MAIN ENTRY--CORPORATE NAME
Corporate name or jurisdiction name as entry element United Kingdom
Subordinate unit Department for Business, Enterprise and Regulatory Reform
9 (RLIN) 5262
245 04 - TITLE STATEMENT
Title The Estate Agents (Redress Scheme) Order 2008
Medium [electronic resource]
260 ## - PUBLICATION, DISTRIBUTION, ETC.
Place of publication, distribution, etc. London
Name of publisher, distributor, etc. OPSI
Date of publication, distribution, etc. 2008
520 ## - SUMMARY, ETC.
Summary, etc. Order requires every person who engages in estate agency work in the United Kingdom in relation to residential property to be a member of an approved redress scheme for the purpose of dealing with complaints relating to that work. Estate agency work is defined in section 1 of that Act and residential property is defined in section 23C. Comes into force 1 October 2008.
521 ## - TARGET AUDIENCE NOTE
Target audience note Advanced
590 ## - LOCAL NOTE (RLIN)
Local note KA
650 24 - SUBJECT ADDED ENTRY--TOPICAL TERM
Topical term or geographic name entry element THE ESTATE AGENTS (REDRESS SCHEME) ORDER 2008
650 24 - SUBJECT ADDED ENTRY--TOPICAL TERM
Topical term or geographic name entry element CONSUMERS
650 24 - SUBJECT ADDED ENTRY--TOPICAL TERM
Topical term or geographic name entry element ESTATE AGENTS
651 #4 - SUBJECT ADDED ENTRY--GEOGRAPHIC NAME
Geographic name England and Wales
Chronological subdivision 1543-
690 ## - LOCAL SUBJECT ADDED ENTRY--TOPICAL TERM (OCLC, RLIN)
Topical term or geographic name as entry element PROPERTY-PROPERTY MANAGEMENT-MANAGING AGENTS
856 48 - ELECTRONIC LOCATION AND ACCESS
Uniform Resource Identifier <a href="https://www.opsi.gov.uk/si/si2008/uksi_20081712_en_1">https://www.opsi.gov.uk/si/si2008/uksi_20081712_en_1</a>
Public note View this legislation free of charge at www.opsi.gov.uk...
942 ## - ADDED ENTRY ELEMENTS (KOHA)
Suppress in OPAC 0
Holdings
Withdrawn status Lost status Source of classification or shelving scheme Damaged status Not for loan Home library Current library Shelving location Date acquired Total Checkouts Full call number Barcode Date last seen Copy number Price effective from Koha item type
    Dewey Decimal Classification     Virtual Virtual Online 08/07/2008   ONLINE PUBLICATION 144276-1001 06/08/2019 1 06/08/2019 Book